FNM začal s predajom akcií na kapitálovom trhu

Rozhodnutie vlády SR zo 6.7.1994 o financovaní rozvojových impulzov (rozvojové programy bytovej výstavby, konverzie atď.) z finančných prostriedkov získaných z pokladnice FNM predajom akcií lukratívnych spoločností. Zvyšovanie základného imania. Kupónová privatizácia.

Gespeichert in:
Bibliographische Detailangaben
1. Verfasser: Hajko, J.
Format: Buchkapitel
Sprache:Slowakisch
Schlagworte:
Tags: Tag hinzufügen
Keine Tags, Fügen Sie das erste Tag hinzu!

MARC

LEADER 00000naa a2200000 4500
001 r015867
005 20221205091127.1
041 0 |a slo 
044 |a SK 
245 1 0 |a FNM začal s predajom akcií na kapitálovom trhu  |c J. Hajko 
520 |a Rozhodnutie vlády SR zo 6.7.1994 o financovaní rozvojových impulzov (rozvojové programy bytovej výstavby, konverzie atď.) z finančných prostriedkov získaných z pokladnice FNM predajom akcií lukratívnych spoločností. Zvyšovanie základného imania. Kupónová privatizácia. 
610 2 0 |a FNM SR Bratislava 
610 2 0 |a trh kapitálový 
610 2 0 |a akcie 
610 2 0 |a predaj 
610 2 0 |a Slovensko 
610 2 0 |a programy vládne 
610 2 0 |a programy rozvojové 
610 2 0 |a financovanie 
100 1 |a Hajko, J.